Statistics for Top 20 Healthiest Countries

Click here to take the quiz!

General Stats

  • This quiz has been taken 153 times
    (151 since last reset)
  • The average score is 16 of 20

Answer Stats

Rank Grade Country % Correct
989.1Norway
91%
690.2Sweden
91%
1984.3United Kingdom
89%
1685.7Canada
89%
1485.9Finland
87%
491.4Japan
84%
590.9Switzerland
84%
291.6Italy
84%
1287.0France
84%
391.4Iceland
81%
789.8Australia
81%
192.8Spain
80%
1885.1New Zealand
78%
1585.9Netherlands
76%
2084.1Ireland
74%
1386.3Austria
74%
1785.4South Korea
72%
889.3Singapore
61%
1187.4Luxembourg
60%
1088.2Israel
36%

Score Distribution

Percentile by Number Answered

Percent of People with Each Score

Your Score History

You have not taken this quiz since the last reset